| 000 | 00837pam a2200313 i 4500 | ||
|---|---|---|---|
| 999 |
_c6075 _d6075 |
||
| 001 | 016974562 | ||
| 003 | Uk | ||
| 005 | 20260204144341.0 | ||
| 008 | 141015s2015 enk j 000 1 eng d | ||
| 020 | _a9781409587682 (pbk.) | ||
| 040 |
_aStDuBDS _beng _cStDuBDS _dUk _dKH8 _erda |
||
| 042 | _aukblcatcopy | ||
| 082 | _aFIC BOS | ||
| 100 | 1 |
_aBosch, Pseudonymous, _eauthor. |
|
| 245 | 1 | 0 |
_aBad magic / _cPseudonymous Bosch. |
| 264 | 1 |
_aLondon : _bUsborne, _c2015. |
|
| 300 |
_a376 pages ; _c20 cm. |
||
| 336 |
_atext _2rdacontent |
||
| 337 |
_aunmediated _2rdamedia |
||
| 338 |
_avolume _2rdacarrier |
||
| 490 | 0 | _aThe bad books | |
| 500 |
_aFormerly CIP. _5Uk |
||
| 521 | 2 | _aKey Stage 2. | |
| 521 | 1 | _a10+. | |
| 530 | _aAlso issued online. | ||
| 655 | 0 | _aAdventure stories. | |
| 655 | 0 | _aChildren's stories. | |
| 942 |
_2ddc _cFIC |
||